|
|
|
|
| LEADER |
00000cam a2200000 7i4500 |
| 001 |
0000001533 |
| 005 |
20151222.0 |
| 020 |
|
|
|a 9832648475
|
| 090 |
0 |
0 |
|a JF
|b AD ENG (1649)
|
| 245 |
1 |
0 |
|a Sinbad and his seven voyages :
|b Fifth voyage
|c Editorial Board
|
| 260 |
|
|
|a Petaling Jaya :
|b Penerbit Femina ,
|c 2005
|
| 440 |
|
|
|a Adventures of Sindbad
|
| 500 |
|
|
|a Children ages 7-9 years old (orange)
|
| 650 |
|
0 |
|a Adventure
|x English
|x Languages
|
| 700 |
0 |
|
|a Editorial Board
|
| 999 |
|
|
|a 0000965720
|b Book
|c Children Collection
|e Perbadanan Perpustakaan Awam Johor
|
| 999 |
|
|
|a 0000965722
|b Book
|c Children Collection
|e Cawangan Bukit Gambir
|
| 999 |
|
|
|a 0000976122
|b Book
|c Children Collection
|e Perbadanan Perpustakaan Awam Johor
|
| 999 |
|
|
|a 0000976123
|b Book
|c Children Collection
|e Cawangan Segamat
|
| 999 |
|
|
|a 0000976125
|b Book
|c Children Collection
|e Cawangan Mersing
|